Trouvez les États américains cachés sur la carte du monde - Statistiques

Statistiques générales
  • Ce quiz a été pris 33 fois
  • Le résultat moyen est 3 sur 10
Réponses sur la Carte
Les réponses sont colorées sur une échelle allant du rouge au vert en fonction du pourcentage des utilisateurs qui les ont devinées à leur premier essai. Vous pouvez retrouver ces pourcentages ci-dessous.
 
Statistiques - réponses
États % Correct
Vermont
45%
Californie
41%
Maine
41%
Wisconsin
41%
Missouri
36%
Ohio
27%
Maryland
23%
Indiana
14%
Caroline du Sud
9%
Hawaï
5%
Aucun quiz correspondant
Distribution des résultats
% des personnes avec chaque résultat
Percentile par nombre de réponses
Votre historique - résultats
Vous n’avez pas pris ce quiz